000 00590nam a2200241 a 4500
001 nice12345678
003 IN_TiNIC
005 20260116011306.0
008 050524s1902 luda grp 000 0 eng
020 _a
_c0.06
082 0 0 _a297.86
_bGRI
100 _aGriswold, H D
245 _aMirza Ghulam Ahmad
_b the Mehdi Messiah of Qadian
260 _aLudhiana
_bAmerican Tract Society
_c1902
300 _a32p
500 _aincludes index and biblioraphy
505 2 _aindex
650 _aAhmadiyyah
700 1 _aGriswold, H D
902 _bSRS
942 _cBK
999 _c226
_d226